Acerca de la didáctica de las ciencias de la naturaleza: una disciplina conceptual metodológicamente fundamentada
Saved in:
| Main Authors: | , |
|---|---|
| Format: | Book |
| Language: | Spanish |
| Published: |
Bogotá
Magisterio
2006
|
| Series: | Colección Didácticas
|
| Subjects: | |
| Tags: |
Add Tag
No Tags, Be the first to tag this record!
|
MARC
| LEADER | 00000nam a2200000 a 4500 | ||
|---|---|---|---|
| 001 | UCI1090 | ||
| 003 | CL-VaPUC | ||
| 008 | 070615e20060000CK |||||||||||||||||spa|d | ||
| 020 | |a 9582008636 | ||
| 082 | 0 | 4 | |a 507 |b GAL |2 21 |
| 100 | 0 | |a Gallego Torres, Adriana Patricia |e author |9 521422 | |
| 700 | |a Gallego Badillo, Rómulo |e author |9 533865 | ||
| 245 | 1 | 0 | |a Acerca de la didáctica de las ciencias de la naturaleza: una disciplina conceptual metodológicamente fundamentada |
| 300 | |a 203 p | ||
| 942 | |c BK | ||
| 945 | |d 20070615 00:00:00 |a jtorresc | ||
| 260 | |a Bogotá |b Magisterio |c 2006 | ||
| 650 | 0 | |a Ciencia |9 255691 | |
| 650 | 0 | |a Enseñanza |9 256457 | |
| 650 | 0 | |a Ciencias naturales |9 260542 | |
| 583 | |a last modification |c 20070615 00:00:00 |k Rodrigo Vera | ||
| 490 | 0 | |a Colección Didácticas | |
| 999 | |c 326003 |d 326001 | ||
| 952 | |0 0 |1 0 |4 0 |6 507_000000000000000_GAL_2006 |7 0 |8 A |9 407596 |a BIBEDU |b BIBEDU |d 2019-11-22 |i 434667K |o 507 GAL 2006 |p 434667K |r 2019-11-22 |w 2019-11-22 |y BK |k EBA | ||